| 000 | 00558nam a2200193Ia 4500 | ||
|---|---|---|---|
| 003 | LDD | ||
| 008 | 181029s9999 xx 000 0 und d | ||
| 020 |
_a9788180302626 _c790.00 |
||
| 040 | _cLDD | ||
| 100 | _aSharma, Shriram | ||
| 245 | 0 |
_aAdvanced nuclear physics _cShriram Sharma |
|
| 260 |
_aNew Delhi _bCampus Books International _c2010 |
||
| 300 | _a276p. | ||
| 365 | _b790.00 | ||
| 901 |
_a6298 _b28-09-2010 |
||
| 902 |
_aSBS/D/170/2010 _b27-10-2010 _cF _dSBS _e53 |
||
| 903 |
_aDiscount-15 _bReqst by : S. Gupta |
||
| 942 |
_2ddc _cBK |
||
| 999 |
_c93106 _d93106 |
||